000 00665nam a2200217 a 4500
001 000037078
003 DO-SdBNP
005 20221020110554.0
007 ta
008 120210s1992 dr ab 000 0 spa d
040 _aDO-SdBNP
_bspa
_cBNPHU
082 _axxx
_bG943
100 _963493
245 1 0 _aGuía turística de la República Dominicana :
_bedición v Centenario del descubrimiento y evangelización de América 1992-1993
260 _aSanto Domingo :
_bCodetel,
_c1992
300 _a89 p. :
_bil., map. ;
_c29 cm.
590 _aInventariado, 2022 / DG
650 4 _aTurismo
_xGuías
_zRepública Dominicana
_982555
910 _aDG
942 _2ddc
_cLBS1
999 _c52595
_d52595